00522 2200193 4500001002100000005001500021035002000036007000300056008004100059020001800100082001000118084001600128100001100144245008900155250001100244260003100255300003300286990000900319INLIS00000000000982720220110082706 a0010-0122000028ta220110 g 0 ind  a9789791478229 a745.5 a745.5 IND m0 aINDIRA1 aMenghias Telur untuk Pemula :bUntuk Suvenir & Pemanis Interior Rumah Anda /cIndira aCet. 1 aDepok :bKata Media,c2011 aiv, 71 hlm ;c15.5 x 23.5 cm a3499